00399nam a22001337a 4500003000500000038000900005082001200014100002100026110003300047245011900080260004400199563000600243650001600249NUST aNUST a200 THE aMURSALEEN SHAHID aSupervisor DR.KHALID MAHMOOD aTH-SOF-1798-Modeling of the effect of non-spherical particles of various sizes using Direct Laser Deposition (DLD) aISLAMABAD:bNUST COLLEGE OF EME,c2020. a. aMS-MECH-17